[Event "La Pobla de Lillet op-B"]
[Site "La Pobla de Lillet"]
[Date "2022.08.07"]
[Round "6"]
[White "Garriga Cabrera, Joan"]
[Black "Duro Salgado, Francisco"]
[Result "1/2-1/2"]
[WhiteElo "1531"]
[BlackElo "1621"]
[PlyCount "58"]
[EventDate "2022.08.02"]
[EventType "swiss"]
[EventRounds "9"]
[EventCountry "ESP"]
[SourceTitle "CBM 209 Extra"]
[Source "ChessBase"]
[SourceDate "2022.09.30"]
[SourceVersion "1"]
[SourceVersionDate "2022.09.30"]
[SourceQuality "1"]

1. e4 e6 2. d4 d5 3. exd5 exd5 4. Nf3 Nf6 5. Bd3 Be7 6. 0-0 0-0 7. Bf4 Bg4 8. Nbd2 Nbd7 9. c3 c6 10. Qc2 h6 11. h3 Bxf3 12. Nxf3 Re8 13. Rfe1 Nf8 14. Bf5 Bd6 15. Rxe8 Nxe8 16. Ne5 Qc7 17. Qd2 g5 18. Bh2 f6 19. Nf3 Bxh2+ 20. Nxh2 Ng7 21. Bc2 h5 22. Re1 Re8 23. Rxe8 Nxe8 24. Qe2 Ng7 25. Nf1 Qd7 26. Ng3 Qe6 27. Qxe6+ Nfxe6 28. Nf5 Nxf5 29. Bxf5 Kf7 1/2-1/2